LEADER 02860nam 2200625 a 450 001 9910494617003321 005 20200313000210.0 010 $a1-78238-382-4 010 $a1-280-49667-3 010 $a9786613591906 010 $a0-85745-296-7 035 $a(CKB)2550000000100938 035 $a(EBL)915501 035 $a(OCoLC)793996549 035 $a(SSID)ssj0000636506 035 $a(PQKBManifestationID)12255440 035 $a(PQKBTitleCode)TC0000636506 035 $a(PQKBWorkID)10661527 035 $a(PQKB)10853637 035 $a(MiAaPQ)EBC915501 035 $a(EXLCZ)992550000000100938 100 $a20110915d2012 uy 0 101 0 $aeng 135 $aur|n|---||||| 181 $ctxt 182 $cc 183 $acr 200 10$aHistory in the plural$b[electronic resource] $ean introduction to the work of Reinhart Koselleck /$fNiklas Olsen 210 $aNew York $cBerghahn Books$d2012 215 $a1 online resource (346 p.) 300 $aDescription based upon print version of record. 311 $a1-78238-381-6 311 $a0-85745-295-9 320 $aIncludes bibliographical references and index. 327 $aFamily, war, university : the various educations of Reinhart Koselleck -- Explaining, criticizing and revising modern political thought -- Social history between reform and revolution -- Program, project, straight jacket : the Geschichtliche Grundbegriffe -- Theorizing historical time and historical writing -- Commemorating the dead : experience, understanding, identity -- The foundations and the future of Koselleck's scholarly program. 330 $aReinhart Koselleck (1923-2006) was one of most imposing and influential European intellectual historians in the twentieth century. Constantly probing and transgressing the boundaries of mainstream historical writing, he created numerous highly innovative approaches, absorbing influences from other academic disciplines as represented in the work of philosophers and political thinkers like Hans Georg Gadamer and Carl Schmitt and that of internationally renowned scholars such as Hayden White, Michel Foucault, and Quentin Skinner. An advocate of "grand theory," Koselleck was an inspiration to many 606 $aHistory$xPhilosophy 606 $aHistoriography$zGermany 606 $aPolitical science$xHistory 606 $aHistorians$zGermany$vBiography 607 $aGermany$xHistoriography 608 $aElectronic books. 615 0$aHistory$xPhilosophy. 615 0$aHistoriography 615 0$aPolitical science$xHistory. 615 0$aHistorians 676 $a943.007202 700 $aOlsen$b Niklas$f1975-$01056506 801 0$bMiAaPQ 801 1$bMiAaPQ 801 2$bMiAaPQ 906 $aBOOK 912 $a9910494617003321 996 $aHistory in the plural$92490918 997 $aUNINA LEADER 02671nam 2200349 450 001 9910774868903321 005 20230217132626.0 035 $a(CKB)2560000000291815 035 $a(NjHacI)992560000000291815 035 $a(EXLCZ)992560000000291815 100 $a20230217d2013 uy 0 101 0 $aita 135 $aur||||||||||| 181 $ctxt$2rdacontent 182 $cc$2rdamedia 183 $acr$2rdacarrier 200 10$aIngegneri & Ingegneria a Firenze $eA quarant'anni dall'istituzione della Facolta? di Ingegneria /$fGiovanni Frosali [and four others] 210 1$aFirenze, Italy :$cFirenze University Press,$d2013. 215 $a1 online resource (vii, 232 pages) $cillustrations 311 $a88-6655-476-6 330 $aL'idea di questo volume nasce al momento di ripensare l'organizzazione dell'Universita? di Firenze conseguente alla recente riforma, con l'obiettivo di ripercorrere l'evoluzione della Facolta? di Ingegneria nei suoi 40 anni, raccontandone e documentandone la storia, raccogliendo ricordi e documenti di un periodo attraversato da mutamenti significativi. La ricerca effettuata dai curatori e da tanti colleghi ha allargato progressivamente l'orizzonte del lavoro per recuperare non solo i contenuti della storia accademica ma anche quelli della storia "civile" della Facolta?, osservandone il laborioso crescere, affermarsi e consolidarsi nell'Ateneo Fiorentino, e rilevandone anche le relazioni con il contesto sociale ed economico (la citta?, la regione, il coinvolgimento nazionale ed internazionale) che circonda un soggetto collettivo significativo come la "nostra" Facolta? d'Ingegneria. Questo ha consentito di esplorare e documentare ambiti rilevanti per una conoscenza non banale di quanti attori hanno attraversato lo scenario della Facolta? e di quali fenomeni la Facolta? stessa sia stata osservatrice e protagonista. Cosi? il lavoro si e? arricchito di una molteplicita? di contenuti che ciascun capitolo declina con piacevole energia e che e? difficile sintetizzare in un paradigma solo storico o celebrativo. Se pensiamo ai lettori di questo volume, pensiamo a coloro che vi ritroveranno il percorso della propria vita, a chi trovera? qui le radici del presente e chi vi vorra? cercare le motivazioni per il futuro. 517 $aIngegneri & Ingegneria a Firenze 606 $aEngineering$xStudy and teaching 615 0$aEngineering$xStudy and teaching. 676 $a620.0071 700 $aFrosali$b Giovanni$0514512 801 0$bNjHacI 801 1$bNjHacl 906 $aBOOK 912 $a9910774868903321 996 $aIngegneri & Ingegneria a Firenze$93665317 997 $aUNINA